Secret Love Song - Little Mix ft. Jason Derulo (All Lyrics) - Statistics

General Stats
  • This quiz has been taken 788 times
  • The average score is 307 of 363
Answer Stats
Secret Love Song % Correct
I
99%
you
99%
be
98%
in
98%
me
98%
me?
98%
the
98%
a
97%
hold
97%
on
97%
that
97%
that?
97%
can't
96%
could
96%
dance
96%
floor
96%
floor?
96%
kiss
96%
like
96%
Like
96%
street
96%
street?
96%
Why
96%
why
96%
wish
96%
Wish
96%
I'm
95%
it
95%
Verse 1 We
95%
we
95%
Intro | Verse 2 When
95%
when
95%
yours
93%
Cause
92%
do
89%
love
89%
love?
89%
And
88%
and
88%
Every
83%
every
83%
closed
79%
doors
79%
behind
78%
so
78%
die
77%
keep
77%
little
77%
time
77%
more
76%
see
76%
this
74%
know
73%
never
73%
got
70%
is
70%
Or
69%
enough
68%
hopeless
67%
But
64%
you're
64%
as
63%
curtain
63%
for
63%
moments
63%
Stolen
63%
my
61%
wanna
61%
to
59%
with
59%
falls
58%
steal
56%
deep
55%
face
55%
just
55%
of
55%
perfectly
55%
feel
54%
It'll
54%
piece
54%
show
54%
It's
53%
fits
52%
I'll
52%
don't
51%
second
51%
same?
50%
call
49%
hide
49%
name
49%
Does
46%
say
46%
him
45%
his
45%
meant
45%
day
43%
down?
43%
from
43%
obvious
43%
Would
43%
would
43%
shout
42%
away
41%
if
41%
thought
41%
us
41%
settle
40%
rooftops
39%
baby
38%
ready
38%
Pre-Chorus Girl
37%
Chorus Oh
36%
someday
36%
was
36%
living
35%
play
33%
safe
33%
someone's
32%
stay?
32%
leave
31%
about
29%
knows
29%
nobody
29%
making
28%
Tell
19%
world
16%
No matching quizzes found
Score Distribution
Percent of People with Each Score
Percentile by Number Answered
Your Score History
You have not taken this quiz